[Event "Manhem Chessweek GM"]
[Site "www.ssmanhem.se"]
[Date "2010.08.15"]
[Round "6"]
[White "Ivanov, Michail"]
[Black "Jakobsen Kovachev, Daniel"]
[Result "1-0"]
[WhiteElo "2486"]
[BlackElo "2311"]
[PlyCount "63"]
[EventDate "2010.08.10"]
[EventRounds "9"]
[EventCategory "9"]

1. d4 d6 2. g3 e5 3. dxe5 dxe5 4. Qxd8+ Kxd8 5. Nc3 Bf5 6. e4 Be6 7. Be3 Nd7 8.
O-O-O g6 9. f4 Ngf6 10. Nf3 Ng4 11. Bg1 exf4 12. gxf4 Bh6 13. Ng5 Bxg5 14. fxg5
h6 15. Bd4 Rh7 16. gxh6 c6 17. h3 Nxh6 18. Bg2 Ke7 19. Rhe1 Kf8 20. Ne2 f6 21.
Nf4 Bf7 22. Bc3 Be8 23. Rf1 Kg8 24. Nd3 Rf7 25. Rde1 Kf8 26. h4 Ng8 27. Bh3 Ke7
28. Bb4+ Kd8 29. e5 Nxe5 30. Nxe5 fxe5 31. Rd1+ Kc7 32. Rxf7+ 1-0

[Event "Manhem Chessweek GM"]
[Site "www.ssmanhem.se"]
[Date "2010.08.15"]
[Round "6"]
[White "Tikkanen, Hans"]
[Black "Rasmussen, Alla Stig"]
[Result "1/2-1/2"]
[WhiteElo "2469"]
[BlackElo "2510"]
[PlyCount "100"]
[EventDate "2010.08.10"]
[EventRounds "9"]
[EventCategory "9"]

1. d4 d5 2. c4 dxc4 3. Nf3 Nf6 4. e3 e6 5. Bxc4 c5 6. O-O a6 7. Bb3 cxd4 8.
exd4 Nc6 9. Nc3 Be7 10. Bg5 O-O 11. Qd2 Na5 12. Bc2 b5 13. Rad1 Bb7 14. Qf4 g6
15. Bh6 Nh5 16. Qg4 Re8 17. Ne5 f5 18. Qh3 Bg5 19. Bxg5 Qxg5 20. Nd3 Rac8 21.
f4 Qe7 22. Bb3 b4 23. Ne2 Nxb3 24. axb3 Rc2 25. Rfe1 Bd5 26. Rc1 Rec8 27. Qe3
Nf6 28. Ne5 Rxc1 29. Rxc1 Rxc1+ 30. Nxc1 Qc7 31. Ned3 Qc2 32. Qf2 Qd1+ 33. Qf1
Qd2 34. Qf2 Qd1+ 35. Qf1 Qc2 36. Qf2 Qb1 37. Qd2 a5 38. Nc5 Ne4 39. Nxe4 Qxe4
40. h3 Kg7 41. Kh2 h6 42. h4 Kf6 43. Kh3 Ke7 44. Kh2 Kd8 45. Kg3 Ke8 46. Kh2
Ke7 47. Qf2 Qb1 48. Qd2 Qe4 49. Qf2 Qb1 50. Qd2 Qe4 1/2-1/2

[Event "Manhem Chessweek GM"]
[Site "www.ssmanhem.se"]
[Date "2010.08.15"]
[Round "6"]
[White "Berg, Emanuel"]
[Black "Smith, Axel"]
[Result "1/2-1/2"]
[WhiteElo "2612"]
[BlackElo "2416"]
[PlyCount "153"]
[EventDate "2010.08.10"]
[EventRounds "9"]
[EventCategory "9"]

1. e4 e5 2. Nf3 Nc6 3. d4 exd4 4. Nxd4 Nf6 5. Nxc6 bxc6 6. e5 Qe7 7. Qe2 Nd5 8.
c4 Ba6 9. b3 g6 10. f4 g5 11. f5 O-O-O 12. Bb2 Nf4 13. Qe3 d5 14. Nd2 d4 15.
Bxd4 Rxd4 16. Qxd4 Bg7 17. Nf3 Rd8 18. Qe4 g4 19. Qxf4 gxf3 20. f6 Qb4+ 21. Kf2
Bf8 22. gxf3 Bc5+ 23. Kg3 Rg8+ 24. Kh4 Kb8 25. Bh3 Bf2+ 26. Kh5 h6 27. Rhf1
Rg5+ 28. Qxg5 hxg5 29. Rxf2 Qc3 30. Rd1 Qxe5 31. Rd8+ Kb7 32. c5 Qxc5 33. Rg2
Qe5 34. Rxg5 Qxf6 35. Rgg8 c5 36. Bc8+ Kb6 37. Bg4 Be2 38. Rb8+ Kc6 39. Rbf8
Bd3 40. Bc8 Bg6+ 41. Kg4 Qb2 42. Kg3 Qxa2 43. Rd8 Kb5 44. Bg4 Qb1 45. Rd2 Qe1+
46. Rf2 Qg1+ 47. Rg2 Qe1+ 48. Rf2 Kb4 49. Rb8+ Kc3 50. Kg2 Bc2 51. Rb7 Qe7 52.
Rxa7 f5 53. Rxc2+ Kxc2 54. Bxf5+ Kxb3 55. Be4 c4 56. Rb7+ Kc3 57. h4 Qg7+ 58.
Kf2 Kd2 59. Rb5 Qd4+ 60. Kg3 c3 61. Ra5 c5 62. Ra2+ Ke3 63. Rg2 Qe5+ 64. Kg4
Qf4+ 65. Kh3 Qh6 66. Kg4 Kd4 67. Kh3 Kc4 68. Kg4 Kb3 69. Bc2+ Kb2 70. Kh3 c4
71. Be4+ Qd2 72. Kg3 Kb3 73. Kh3 Qd7+ 74. Kg3 Qg7+ 75. Kh3 Qd7+ 76. Kg3 Qg7+
77. Kh3 1/2-1/2

[Event "Manhem Chessweek GM"]
[Site "www.ssmanhem.se"]
[Date "2010.08.16"]
[Round "7"]
[White "Rasmussen, Allan Stig"]
[Black "Berg, Emanuel"]
[Result "1/2-1/2"]
[WhiteElo "2510"]
[BlackElo "2612"]
[PlyCount "24"]
[EventDate "2010.08.10"]
[EventRounds "9"]
[EventCategory "9"]

1. e4 c5 2. Nf3 d6 3. d4 cxd4 4. Nxd4 Nf6 5. Nc3 a6 6. Be3 e5 7. Nb3 Be6 8. Qd2
Nbd7 9. O-O-O Qc7 10. f4 g6 11. h3 h5 12. Kb1 Rc8 1/2-1/2

[Event "Manhem Chessweek GM"]
[Site "www.ssmanhem.se"]
[Date "2010.08.16"]
[Round "7"]
[White "Smith, Axel"]
[Black "Ivanov, Michail"]
[Result "1/2-1/2"]
[WhiteElo "2416"]
[BlackElo "2486"]
[PlyCount "31"]
[EventDate "2010.08.10"]
[EventRounds "9"]
[EventCategory "9"]

1. d4 d5 2. c4 c6 3. Nc3 Nf6 4. e3 a6 5. Nf3 b5 6. b3 Bg4 7. h3 Bxf3 8. Qxf3 e6
9. Bd2 b4 10. Na4 Ne4 11. O-O-O Nd7 12. Bd3 Nxd2 13. Rxd2 Be7 14. Kb1 O-O 15.
Rc1 Nb6 16. Nxb6 1/2-1/2

[Event "Manhem Chessweek GM"]
[Site "www.ssmanhem.se"]
[Date "2010.08.16"]
[Round "7"]
[White "Carlhammar, Magnus"]
[Black "Tikkanen, Hans"]
[Result "0-1"]
[WhiteElo "2311"]
[BlackElo "2469"]
[PlyCount "74"]
[EventDate "2010.08.10"]
[EventRounds "9"]
[EventCategory "9"]

1. d4 d5 2. Nf3 Nf6 3. c4 c6 4. e3 Bg4 5. Qb3 Qb6 6. Nc3 e6 7. Nh4 Bh5 8. h3 g5
9. Nf3 h6 10. Bd3 Rg8 11. Bd2 Nbd7 12. O-O-O O-O-O 13. Qxb6 Nxb6 14. cxd5 exd5
15. g4 Bg6 16. Bxg6 Rxg6 17. Ne5 Rg7 18. Ne2 Ne4 19. Be1 f6 20. Nd3 h5 21. f3
Nd6 22. b3 h4 23. Nc3 Re8 24. Bf2 f5 25. Rhg1 Rf7 26. Ne5 Rf6 27. Rg2 fxg4 28.
Rxg4 Bh6 29. Rg2 Nf7 30. Kc2 Nxe5 31. dxe5 Rxf3 32. e4 Rxe5 33. Bd4 Re6 34.
Bxb6 axb6 35. exd5 cxd5 36. Rxd5 Rxh3 37. Nb5 Rc6+ 0-1

[Event "Manhem Chessweek GM"]
[Site "www.ssmanhem.se"]
[Date "2010.08.16"]
[Round "7"]
[White "Jakobsen Kovachev, Daniel"]
[Black "Spirin, Oleg"]
[Result "1/2-1/2"]
[WhiteElo "2311"]
[BlackElo "2468"]
[PlyCount "87"]
[EventDate "2010.08.10"]
[EventRounds "9"]
[EventCategory "9"]

1. e4 c5 2. Nf3 d6 3. d4 cxd4 4. Nxd4 Nf6 5. f3 e6 6. c4 a6 7. Nc3 Be7 8. Be2
O-O 9. O-O b6 10. Be3 Bb7 11. Qd2 Qc7 12. Rfd1 Nbd7 13. a4 Ne5 14. b3 Rfd8 15.
Rac1 Rac8 16. Qe1 Qb8 17. Qg3 Ned7 18. Bf1 Re8 19. Kh1 Kh8 20. Bg1 Bd8 21. Qf2
Bc7 22. b4 Bd8 23. Be2 Be7 24. Qf1 Qa8 25. Nb3 d5 26. exd5 Bxb4 27. dxe6 fxe6
28. Na2 Ba3 29. Rb1 Bc6 30. a5 bxa5 31. Nxa5 Ba4 32. Rd3 Bf8 33. Bd1 Bxd1 34.
Rdxd1 Nc5 35. Nb4 Rc7 36. Nd3 Nfd7 37. Qe2 Nxd3 38. Rxd3 Nc5 39. Rd2 Qc8 40.
Rbd1 Na4 41. Ra1 Nc5 42. Rad1 Na4 43. Ra1 Nc5 44. Rad1 1/2-1/2

[Event "Manhem Chessweek GM"]
[Site "www.ssmanhem.se"]
[Date "2010.08.16"]
[Round "7"]
[White "Hillarp Persson, Tiger"]
[Black "Nithander, Victor"]
[Result "1/2-1/2"]
[WhiteElo "2538"]
[BlackElo "2469"]
[PlyCount "119"]
[EventDate "2010.08.10"]
[EventRounds "9"]
[EventCategory "9"]

1. d4 Nf6 2. c4 g6 3. Nc3 Bg7 4. e4 d6 5. h3 O-O 6. Bg5 Na6 7. Nf3 Qe8 8. g4 e5
9. d5 Bd7 10. Be2 Kh8 11. Rg1 Nc5 12. Nd2 Ng8 13. Qc2 f6 14. Be3 Bh6 15. Bxh6
Nxh6 16. b4 Na6 17. a3 c5 18. dxc6 bxc6 19. c5 Nc7 20. cxd6 Ne6 21. Nb3 Nd4 22.
Nxd4 exd4 23. Na4 Qe5 24. Rd1 Rad8 25. Nc5 Bc8 26. Qd2 Qh2 27. Rg3 Nf7 28. Qxd4
Rxd6 29. Qa1 Rfd8 30. Rxd6 Rxd6 31. Qc3 Ng5 32. Bf1 Qh1 33. Re3 Nf7 34. e5 Rd8
35. e6 Ne5 36. e7 Re8 37. Rxe5 fxe5 38. Qxe5+ Kg8 39. Ne4 Ba6 40. Qe6+ Kg7 41.
Qf6+ Kg8 42. Qe6+ Kg7 43. Qf6+ Kg8 44. Ng3 Qg1 45. Kd2 Bxf1 46. Qe6+ Kg7 47.
Ne4 Qh2 48. Qf6+ Kg8 49. Qe6+ Kg7 50. Qf6+ Kg8 51. Nd6 Rxe7 52. Qxe7 Qxf2+ 53.
Kd1 Bxh3 54. Qe6+ Kf8 55. Qe8+ Kg7 56. Qe7+ Kg8 57. Qe6+ Kf8 58. Qe8+ Kg7 59.
Qe7+ Kg8 60. Qe8+ 1/2-1/2

[Event "Manhem Chessweek GM"]
[Site "www.ssmanhem.se"]
[Date "2010.08.17"]
[Round "8"]
[White "Tikkanen, Hans"]
[Black "Hillarp Persson, Tiger"]
[Result "1-0"]
[WhiteElo "2469"]
[BlackElo "2538"]
[PlyCount "119"]
[EventDate "2010.08.10"]
[EventRounds "9"]
[EventCategory "9"]

1. d4 d5 2. c4 c6 3. Nf3 Nf6 4. e3 Bf5 5. Nc3 e6 6. Nh4 Be4 7. f3 Bg6 8. Qb3
Qc7 9. Bd2 Be7 10. g3 a6 11. Nxg6 hxg6 12. Rc1 dxc4 13. Bxc4 b5 14. Bd3 c5 15.
dxc5 Nbd7 16. Qa3 b4 17. Qxb4 Nxc5 18. Qc4 Nfd7 19. Be4 Ne5 20. Qe2 Rd8 21. O-O
f5 22. Bb1 Qb7 23. b4 Ncd3 24. Bxd3 Nxd3 25. Rb1 O-O 26. Nd1 Rd7 27. Bc3 e5 28.
Nf2 e4 29. fxe4 Nxf2 30. Kxf2 Qxe4 31. Rbd1 Rxd1 32. Rxd1 f4 33. exf4 Rxf4+ 34.
Ke1 Bxb4 35. gxf4 Bxc3+ 36. Kf1 Qh1+ 37. Kf2 Qxh2+ 38. Ke3 Qh3+ 39. Qf3 Qe6+
40. Qe4 Qh3+ 41. Ke2 Qh2+ 42. Kd3 Qh3+ 43. Kc2 Bf6 44. Qa8+ Kf7 45. Qb7+ Kf8
46. Qb8+ Kf7 47. Qb3+ Qxb3+ 48. axb3 Ke6 49. Kd3 Kf5 50. Ke3 g5 51. Rd5+ Kg4
52. fxg5 Bxg5+ 53. Ke4 Be7 54. Rd7 Bf6 55. Ra7 g5 56. Rxa6 Bc3 57. Rc6 Be1 58.
Rc1 Bf2 59. b4 Bb6 60. b5 1-0

[Event "Manhem Chessweek GM"]
[Site "www.ssmanhem.se"]
[Date "2010.08.17"]
[Round "8"]
[White "Jakobsen Kovachev, Daniel"]
[Black "Smith, Axel"]
[Result "0-1"]
[WhiteElo "2312"]
[BlackElo "2416"]
[PlyCount "78"]
[EventDate "2010.08.10"]
[EventRounds "9"]
[EventCategory "9"]

1. e4 c5 2. c3 g6 3. d4 cxd4 4. cxd4 d5 5. e5 Nc6 6. Nc3 f6 7. f4 Nh6 8. Be3
Ng4 9. Bc1 Nh6 10. Be3 Bg7 11. h3 O-O 12. Nf3 Nf5 13. Bf2 fxe5 14. fxe5 Bh6 15.
Bb5 Ne3 16. Bxe3 Bxe3 17. Ke2 Bh6 18. Bxc6 bxc6 19. Na4 Qa5 20. Kf2 Bf5 21. Nc5
Be4 22. Qe2 Bxf3 23. gxf3 Rf5 24. Rhd1 Qd8 25. Rd3 e6 26. Ke1 Qh4+ 27. Kd1 Qxh3
28. Kc2 Rf4 29. Rf1 Qf5 30. Kb3 Rb8+ 31. Ka4 Bf8 32. b4 a5 33. a3 axb4 34. Na6
Ra8 35. Rd2 bxa3 36. Kb3 Qf7 37. Ka2 Qb7 38. Nc5 Bxc5 39. dxc5 Rb4 0-1

[Event "Manhem Chessweek GM"]
[Site "www.ssmanhem.se"]
[Date "2010.08.17"]
[Round "8"]
[White "Spirin, Oleg"]
[Black "Nithander, Victor"]
[Result "1/2-1/2"]
[WhiteElo "2468"]
[BlackElo "2409"]
[PlyCount "55"]
[EventDate "2010.08.10"]
[EventRounds "9"]
[EventCategory "9"]

1. d4 Nf6 2. Nf3 g6 3. c4 Bg7 4. g3 c6 5. Bg2 d5 6. Qb3 O-O 7. O-O a5 8. Na3
Na6 9. Rd1 dxc4 10. Nxc4 Be6 11. Ng5 Bd5 12. Bxd5 cxd5 13. Nb6 Ra7 14. Bd2 Nb8
15. Nf3 Nc6 16. Rac1 e6 17. Bg5 h6 18. Bxf6 Bxf6 19. Qb5 Qd6 20. a3 Rb8 21. Rc2
Kg7 22. e3 Ra6 23. Na4 Na7 24. Qe2 Rc6 25. Rdc1 Rbc8 26. h4 b6 27. Kg2 Qd7 28.
Rxc6 1/2-1/2

[Event "Manhem Chessweek GM"]
[Site "www.ssmanhem.se"]
[Date "2010.08.17"]
[Round "8"]
[White "Berg, Emanuel"]
[Black "Carlhammar, Magnus"]
[Result "1-0"]
[WhiteElo "2612"]
[BlackElo "2311"]
[PlyCount "131"]
[EventDate "2010.08.10"]
[EventRounds "9"]
[EventCategory "9"]

1. e4 e5 2. Nf3 Nc6 3. d4 exd4 4. Nxd4 Bc5 5. Nb3 Bb6 6. Nc3 Nf6 7. Qe2 d6 8.
Be3 Be6 9. f3 Qe7 10. O-O-O O-O-O 11. Bxb6 axb6 12. Nd4 Kb8 13. Qe3 Rhe8 14.
Nxe6 Qxe6 15. Qd2 Qe5 16. Bc4 Re7 17. Nd5 Nxd5 18. exd5 Na7 19. Rhe1 Qf6 20.
Rxe7 Qxe7 21. Re1 Qh4 22. g4 h5 23. Qe2 Nc8 24. Bb5 hxg4 25. fxg4 Qg5+ 26. Kb1
Qxd5 27. Bc4 Qe5 28. Qxe5 dxe5 29. Bxf7 Nd6 30. Bg6 Rh8 31. Rxe5 Rxh2 32. b3
Rg2 33. Rg5 Re2 34. Bd3 Re7 35. Kb2 Kc8 36. Kc3 Kd7 37. Kd4 Ke6 38. Re5+ Kd7
39. Rg5 Ke6 40. Re5+ Kd7 41. Rxe7+ Kxe7 42. Ke5 Nf7+ 43. Kf5 Nh6+ 44. Kf4 Nf7
45. Kf5 Nh6+ 46. Kf4 Nf7 47. g5 Nd6 48. Ke5 b5 49. a3 Kd7 50. Be2 c6 51. Bg4+
Ke7 52. Bh5 Nc8 53. Kf5 Nd6+ 54. Ke5 Nc8 55. Kf5 Nd6+ 56. Kg6 Kf8 57. Bg4 Kg8
58. Bd1 Kf8 59. Bf3 Kg8 60. Bd1 Kf8 61. Be2 Kg8 62. a4 bxa4 63. bxa4 Kf8 64. a5
Ne4 65. Bd3 Nc5 66. Be4 1-0

[Event "Manhem Chessweek GM"]
[Site "www.ssmanhem.se"]
[Date "2010.08.18"]
[Round "9"]
[White "Rasmussen, Allan Stig"]
[Black "Jakobsen Kovachev, Daniel"]
[Result "1/2-1/2"]
[WhiteElo "2510"]
[BlackElo "2312"]
[PlyCount "57"]
[EventDate "2010.08.10"]
[EventRounds "9"]
[EventCategory "9"]

1. e4 e5 2. Nf3 Nc6 3. Bb5 a6 4. Ba4 Nf6 5. O-O Be7 6. Re1 b5 7. Bb3 d6 8. c3
O-O 9. h3 Na5 10. Bc2 c5 11. d4 Qc7 12. Nbd2 Nc6 13. d5 Nd8 14. a4 Rb8 15. axb5
axb5 16. b4 Nb7 17. Nf1 Bd7 18. Be3 Ra8 19. Bd3 Rfc8 20. Qe2 c4 21. Bc2 Ne8 22.
N3h2 Nd8 23. f4 exf4 24. Bxf4 f6 25. Nf3 g6 26. Nd4 Ng7 27. Nd2 Nf7 28. Qf1 Qb7
29. Be3 1/2-1/2

[Event "Manhem Chessweek GM"]
[Site "www.ssmanhem.se"]
[Date "2010.08.18"]
[Round "9"]
[White "Hillarp Persson, Tiger"]
[Black "Berg, Emanuel"]
[Result "1/2-1/2"]
[WhiteElo "2538"]
[BlackElo "2612"]
[PlyCount "26"]
[EventDate "2010.08.10"]
[EventRounds "9"]
[EventCategory "9"]

1. d4 Nf6 2. c4 g6 3. Nc3 Bg7 4. e4 d6 5. h3 O-O 6. Bg5 c5 7. d5 e6 8. Bd3 exd5
9. cxd5 Re8 10. Nf3 c4 11. Bc2 b5 12. a3 Na6 13. O-O Nc5 1/2-1/2

[Event "Manhem Chessweek GM"]
[Site "www.ssmanhem.se"]
[Date "2010.08.18"]
[Round "9"]
[White "Smith, Axel"]
[Black "Spirin, Oleg"]
[Result "1-0"]
[WhiteElo "2416"]
[BlackElo "2468"]
[PlyCount "83"]
[EventDate "2010.08.10"]
[EventRounds "9"]
[EventCategory "9"]

1. e4 c5 2. Nf3 d6 3. d4 cxd4 4. Nxd4 Nf6 5. Nc3 a6 6. Bg5 Nc6 7. Qd2 e6 8.
O-O-O Nxd4 9. Qxd4 Be7 10. f4 b5 11. Be2 Bb7 12. Bf3 Qc7 13. Bxf6 gxf6 14. f5
Rg8 15. Bh5 Kf8 16. g4 Qc4 17. Qxc4 bxc4 18. Rhf1 Rc8 19. h4 h6 20. fxe6 fxe6
21. Ne2 Rc5 22. Nf4 Bc8 23. Ng6+ Ke8 24. e5 dxe5 25. Nxe5+ Kf8 26. Ng6+ Ke8 27.
Nf4+ Kf8 28. Ng6+ Ke8 29. Ne5+ Kf8 30. Nd7+ Bxd7 31. Rxd7 c3 32. bxc3 Rxc3 33.
Ra7 Ra3 34. Rd1 Ra5 35. c4 Rxh5 36. gxh5 f5 37. Rdd7 Rg7 38. c5 Rg1+ 39. Kc2
Rg2+ 40. Kb3 Rg3+ 41. Ka4 Rg4+ 42. Ka5 1-0